000 00580nam a22002177a 4500
003 DO-SdBNP
005 20180209141741.0
008 161117b 1994 sp a|| 00| 0 spa d
020 _a9788424133948
040 _aBPMSU
_bspa
_cBPMSU
082 4 _axxxx
_bxxxx
100 1 _aDisney, Walt
245 1 4 _aLos aristogatos /
_cWalt Disney
260 _aEspaña :
_bEverest,
_c1994.
300 _a48 p. :
_bil,
_c28 cm.
490 1 _aNueva antología
830 0 _aNueva antología
942 _2ddc
_cBK
945 _aInventariado, 2018 / BT
956 _aBTAVÁREZ
_b10
_d20161117
_fBPMSU
_h0038
999 _c11982
_d11982